00668nam a2200193Ia 4500952014700000999001700147003000400164005001700168008004100185020001800226040000900244082001800253100002700271245006000298260004500358300000900403650002000412942004200432 00102ddc40708ISLAMaMESbMEScISLd2019-02-20g1295.00l1m3o297.27 HAS/Ap32287r2022-05-10 00:00:00s2022-03-15w2019-02-20yBKzGL46R1 c22735d22735OSt20200610111012.0190216s9999||||xx |||||||||||||| ||und|| a9788183870337 coclc a297.27bHAS/A aHasnain, Nadeem 92168 0aAspects Of Islam And Muslim Societies /cNadeem Hasnain bSerials Publications,aNew Delhi:c2006. a352p aIslamic History cBK2ddch297.27iHAS/Ak297.27mHAS/A